000 01020nam a22002297a 4500
003 OSt
005 20230527000718.0
008 230526b |||||||| |||| 00| 0 sp d
040 _aCUNOROC
_bspa
_cCUNOROC
_dCUNOROC
041 _aspa
_dspa
_espa
_gspa
_hspa
082 _aT-00025-04
100 1 0 _aSANTOS COBÓN, ANTONIO GUMERCINDO.
_94366
110 _aCentro Universitario del Noroccidente CUNOROC.
_94302
245 1 0 _aPRIORIZACION DE LAS MICROCUENCAS HIDROGRAFICAS DE LA SUBCUENCA DEL RIO PARACANAI, EN MUNICIPIOS DE TOTONICAPAN Y EL QUICHÉ, CON FINES DE MANEJO INTEGRAL DE LOS RECURSOS NATURALES RENOVABLES./
_cANTONIO GUMERCINDO SANTOS COBÓN.
260 _aHuehuetenango, Guatemala./
_bCUNOROC./
_cc2001.
300 _a145 páginas.;
_bil.;
_c24x36 cm.
650 _aMICROCUENCAS HIDROGRAFICAS
_94367
650 _aRIO PARACANAI
_94368
650 _aRECURSOS NATURALES RENOVABLES
_94369
856 _uhttps://drive.google.com/file/d/1drOVwJOIGPXKveMYvSg1JYhCzQeEjD2t/view?usp=sharing
_yDIGITAL
942 _2ddc
_cTESIS
_n0
999 _c1535
_d1535